[Event "Senta op 19th"]
[Site "Senta"]
[Date "2015.07.17"]
[Round "8"]
[White "Grbin, Stefan"]
[Black "Matovic, Mihajlo Z"]
[Result "1-0"]
[WhiteElo "1779"]
[BlackElo "2100"]
[PlyCount "57"]
[EventDate "2015.07.11"]
[EventType "swiss"]
[EventRounds "9"]
[EventCountry "SRB"]
[SourceTitle "EXT 2016"]
[Source "ChessBase"]
[SourceDate "2015.10.08"]
[SourceVersion "1"]
[SourceVersionDate "2015.10.08"]
[SourceQuality "1"]

1. d4 Nf6 2. c4 g6 3. Nc3 Bg7 4. e4 d6 5. Nf3 0-0 6. Be2 e5 7. d5 a5 8. Bg5 h6 9. Bd2 Na6 10. Qc1 Kh7 11. h4 Nc5 12. Qc2 c6 13. 0-0-0 cxd5 14. cxd5 Nfxe4 15. Nxe4 Bf5 16. Bd3 Bxe4 17. Bxe4 f5 18. h5 Nxe4 19. hxg6+ Kg8 20. Kb1 Rc8 21. Qb3 Nxf2 22. Bxh6 Nxh1 23. Rxh1 Bxh6 24. Rxh6 Qc7 25. Qd1 Qc4 26. Ng5 Qc7 27. Ne6 Qe7 28. Qh5 Qf6 29. g7 1-0

[Event "Senta-ch"]
[Site "Senta"]
[Date "2015.02.15"]
[Round "7"]
[White "Grbin, Stefan"]
[Black "Aleksic, Zvonimir"]
[Result "0-1"]
[WhiteElo "1711"]
[BlackElo "1874"]
[PlyCount "76"]
[EventDate "2015.01.30"]
[EventType "swiss"]
[EventRounds "9"]
[EventCountry "SRB"]
[SourceTitle "EXT 2016"]
[Source "ChessBase"]
[SourceDate "2015.10.08"]
[SourceVersion "1"]
[SourceVersionDate "2015.10.08"]
[SourceQuality "1"]

1. d4 Nf6 2. c4 g6 3. Nc3 Bg7 4. e4 0-0 5. Be2 d6 6. h4 h5 7. Bg5 Nc6 8. f3 e5 9. d5 Nd4 10. Bd3 Qd7 11. Qd2 Nh7 12. Bh6 f5 13. exf5 gxf5 14. Bxg7 Qxg7 15. 0-0-0 a6 16. Nh3 Kh8 17. Ng5 Bd7 18. Rdf1 Rae8 19. g4 hxg4 20. Nxh7 Kxh7 21. fxg4 e4 22. Bb1 Nf3 23. Qe3 Qxg4 24. Ne2 Qh5 25. Ng1 Nxg1 26. Rhxg1 Qh6 27. Rg5 Rg8 28. Rfg1 Rxg5 29. hxg5 Qh4 30. g6+ Kg7 31. Qc3+ Qf6 32. Qxf6+ Kxf6 33. Kd2 Rg8 34. Ke3 Rxg6 35. Rxg6+ Kxg6 36. Kf4 b5 37. b3 bxc4 38. bxc4 Ba4 0-1

[Event "Senta-ch"]
[Site "Senta"]
[Date "2015.01.31"]
[Round "2"]
[White "Grbin, Stefan"]
[Black "Vrabel, Mate"]
[Result "1-0"]
[WhiteElo "1711"]
[BlackElo "1487"]
[PlyCount "61"]
[EventDate "2015.01.30"]
[EventType "swiss"]
[EventRounds "9"]
[EventCountry "SRB"]
[SourceTitle "EXT 2016"]
[Source "ChessBase"]
[SourceDate "2015.10.08"]
[SourceVersion "1"]
[SourceVersionDate "2015.10.08"]
[SourceQuality "1"]

1. d4 d5 2. c4 c6 3. Nc3 Bf5 4. cxd5 cxd5 5. Qb3 Nc6 6. e3 e6 7. Qxb7 Nge7 8. Bb5 Qc8 9. Qxc8+ Rxc8 10. Nf3 f6 11. Bd2 Rc7 12. Rc1 Nc8 13. Na4 Kd7 14. Ba5 Nb6 15. Nxb6+ axb6 16. Bxb6 Bb4+ 17. Nd2 Rcc8 18. a3 Bxd2+ 19. Kxd2 Kd6 20. Bc5+ Kc7 21. Rc3 Bg6 22. Rhc1 Kb7 23. Bd6 Be8 24. a4 Kb6 25. b4 Bd7 26. Bc5+ Kb7 27. a5 Nb8 28. Bxd7 Nxd7 29. b5 Rb8 30. Bd6 Rbc8 31. a6+ 1-0

[Event "SRB-ch U14"]
[Site "Subotica"]
[Date "2014.04.17"]
[Round "1"]
[White "Grbin, Stefan"]
[Black "Djordjevic, Vuk D"]
[Result "0-1"]
[WhiteElo "1642"]
[BlackElo "2135"]
[PlyCount "78"]
[EventDate "2014.04.17"]
[EventType "swiss"]
[EventRounds "9"]
[EventCountry "SRB"]
[SourceTitle "CBM 160 Extra"]
[Source "ChessBase"]
[SourceDate "2014.07.01"]
[SourceVersion "1"]
[SourceVersionDate "2014.07.01"]
[SourceQuality "1"]

1. d4 Nf6 2. c4 e6 3. Nc3 Bb4 4. Bd2 0-0 5. e3 d5 6. Nf3 c5 7. a3 Bxc3 8. Bxc3 Ne4 9. Qc2 b6 10. Be2 Bb7 11. dxc5 bxc5 12. 0-0 Nd7 13. Rfd1 Qe7 14. Ne5 Ndf6 15. Ng4 Ne8 16. Ne5 N8d6 17. f3 Nf6 18. Nd3 Nxc4 19. Bd2 Ba6 20. Rac1 Rab8 21. Qa4 Bb5 22. Qc2 Nxb2 23. Nxb2 Bxe2 24. Re1 Ba6 25. Na4 Bc4 26. Nb2 Ba6 27. Na4 Rfc8 28. Rb1 Nd7 29. e4 d4 30. Rec1 Rxb1 31. Rxb1 Qd6 32. Nb2 c4 33. Bb4 Qf4 34. Bd2 Qc7 35. Be1 c3 36. Nd3 Bxd3 37. Qxd3 Nc5 38. Qxd4 c2 39. Rc1 Nb3 0-1

[Event "Senta-ch"]
[Site "Senta"]
[Date "2014.01.24"]
[Round "1"]
[White "Nagy, Attila N"]
[Black "Grbin, Stefan"]
[Result "1-0"]
[WhiteElo "2206"]
[BlackElo "1609"]
[PlyCount "111"]
[EventDate "2014.01.24"]
[EventType "swiss"]
[EventRounds "9"]
[EventCountry "SRB"]
[SourceTitle "EXT 2016"]
[Source "ChessBase"]
[SourceDate "2015.10.08"]
[SourceVersion "1"]
[SourceVersionDate "2015.10.08"]
[SourceQuality "1"]

1. d4 Nf6 2. c4 d5 3. cxd5 Nxd5 4. e4 Nf6 5. Nc3 e6 6. Nf3 c6 7. Bd3 Nbd7 8. 0-0 Be7 9. Qe2 0-0 10. Rd1 Re8 11. Bg5 h6 12. Bf4 Bb4 13. Rac1 Nf8 14. a3 Ba5 15. Qd2 Ng6 16. e5 Bxc3 17. bxc3 Nxf4 18. Qxf4 Nd7 19. Nd2 Qe7 20. Nc4 Rf8 21. Rb1 f5 22. exf6 Nxf6 23. Rb3 Nd5 24. Qe4 Nf6 25. Qg6 Qf7 26. Re1 Qxg6 27. Bxg6 Rd8 28. Na5 Rd7 29. Rxe6 Rxd4 30. cxd4 Bxe6 31. Rxb7 Bd5 32. Rc7 Rd8 33. Nxc6 Bxc6 34. Rxc6 Nd5 35. g3 Ne7 36. Re6 Nxg6 37. Rxg6 Rxd4 38. Ra6 Rd7 39. Kg2 Kf7 40. Kf3 Re7 41. h4 Kf8 42. a4 Kf7 43. a5 Kf8 44. Kg4 Kf7 45. f4 Rc7 46. Rd6 Ke7 47. Rg6 Kf7 48. h5 Rc5 49. Ra6 Rc7 50. Rd6 Ke7 51. Rd5 Rc6 52. Rb5 Rc7 53. Kf5 Kf7 54. a6 Kf8 55. Rb8+ Kf7 56. Rb7 1-0

[Event "Senta op-B 17th"]
[Site "Senta"]
[Date "2013.07.16"]
[Round "5"]
[White "Soklovacki, Marija"]
[Black "Grbin, Stefan"]
[Result "1/2-1/2"]
[WhiteElo "1886"]
[BlackElo "1554"]
[PlyCount "83"]
[EventDate "2013.07.13"]
[EventType "swiss"]
[EventRounds "9"]
[EventCountry "SRB"]
[SourceTitle "EXT 2014"]
[Source "ChessBase"]
[SourceDate "2013.11.20"]
[SourceVersion "1"]
[SourceVersionDate "2013.11.20"]
[SourceQuality "1"]

1. d4 d5 2. c4 c6 3. Nc3 e6 4. e3 Nf6 5. Nf3 Nbd7 6. a3 Bd6 7. Be2 0-0 8. 0-0 b6 9. b4 Bb7 10. c5 Bc7 11. Qc2 b5 12. Bd3 h6 13. Bb2 Qb8 14. Ne2 Re8 15. h3 a5 16. Rfe1 a4 17. Rad1 Re7 18. Nd2 Ba6 19. f4 Qf8 20. Nf3 Ne8 21. Ne5 Nxe5 22. fxe5 f5 23. Nf4 Qf7 24. g4 Bc8 25. Rf1 g6 26. Rd2 Ng7 27. Rg2 Bd7 28. Qf2 g5 29. Ne2 Rf8 30. Qg3 Qe8 31. Bc1 Ref7 32. Rgf2 fxg4 33. hxg4 Rxf2 34. Rxf2 Rxf2 35. Qxf2 Qf7 36. Ng3 Qxf2+ 37. Kxf2 Bd8 38. e4 Be7 39. exd5 cxd5 40. Ne2 Ne8 41. Nc3 Nc7 42. Kg3 1/2-1/2

[Event "SRB-ch U12"]
[Site "Vrnjacka Banja"]
[Date "2013.05.04"]
[Round "6"]
[White "Grbin, Stefan"]
[Black "Zarkovic, Milos"]
[Result "0-1"]
[WhiteElo "1529"]
[BlackElo "1700"]
[PlyCount "80"]
[EventDate "2013.04.30"]
[EventType "swiss"]
[EventRounds "9"]
[EventCountry "SRB"]
[SourceTitle "CBM 154 Extra"]
[Source "ChessBase"]
[SourceDate "2013.06.25"]
[SourceVersion "2"]
[SourceVersionDate "2013.06.25"]
[SourceQuality "1"]

1. d4 d5 2. c4 e6 3. Nc3 Nf6 4. Bg5 Be7 5. Nf3 0-0 6. e3 c6 7. c5 Nbd7 8. Be2 b6 9. cxb6 axb6 10. 0-0 Ne8 11. Bf4 Bd6 12. Bg5 Be7 13. Bf4 Nd6 14. b3 f6 15. Qc2 Bb7 16. h3 Rc8 17. Bd3 f5 18. Rfc1 Kh8 19. Qb2 g5 20. Bg3 Ne4 21. Bxe4 dxe4 22. Ne1 Nf6 23. Be5 Bd6 24. Bxf6+ Qxf6 25. g3 h5 26. Qe2 Qg6 27. Ng2 c5 28. Qd1 Rcd8 29. Ne2 f4 30. exf4 gxf4 31. Nexf4 Bxf4 32. Nh4 Qg5 33. Ng2 Bxc1 34. Qxc1 Qxc1+ 35. Rxc1 cxd4 36. Nf4 Rxf4 37. gxf4 d3 38. Rd1 d2 39. Kf1 Ba6+ 40. Kg2 Be2 0-1

[Event "SRB-ch U12"]
[Site "Vrnjacka Banja"]
[Date "2013.05.02"]
[Round "4"]
[White "Grbin, Stefan"]
[Black "Ivic, Velimir"]
[Result "0-1"]
[WhiteElo "1529"]
[BlackElo "1906"]
[PlyCount "94"]
[EventDate "2013.04.30"]
[EventType "swiss"]
[EventRounds "9"]
[EventCountry "SRB"]
[SourceTitle "CBM 154 Extra"]
[Source "ChessBase"]
[SourceDate "2013.06.25"]
[SourceVersion "2"]
[SourceVersionDate "2013.06.25"]
[SourceQuality "1"]

1. e4 c5 2. Nf3 e6 3. d4 cxd4 4. Nxd4 Nc6 5. Nc3 d6 6. Bb5 Bd7 7. 0-0 Nf6 8. Bg5 Be7 9. Nf3 Qc7 10. Be2 a6 11. Qd2 Rd8 12. Rfd1 Bc8 13. h3 0-0 14. Qe1 b5 15. Bd3 Bb7 16. Be3 Ne5 17. Nxe5 dxe5 18. a3 h6 19. Be2 Bc5 20. Bd3 Bxe3 21. Qxe3 Qc6 22. Rd2 Rd6 23. Rad1 Rfd8 24. Qg3 Qc5 25. Qe3 Qxe3 26. fxe3 Bxe4 27. Nb1 Bxd3 28. Rxd3 Rxd3 29. Rxd3 Rxd3 30. cxd3 e4 31. d4 Nd5 32. Kf2 f5 33. Nc3 Nxc3 34. bxc3 Kf7 35. g3 Ke7 36. g4 fxg4 37. hxg4 g6 38. Kg3 Kd6 39. Kf4 Kd5 40. Kg3 a5 41. Kf4 g5+ 42. Kg3 Kc4 43. Kf2 Kxc3 44. Ke2 Kc2 45. Ke1 b4 46. axb4 axb4 47. Ke2 b3 0-1